Tipos de Leguminosae-Mimosoideae en el herbario nacional colombiano (Registro nro. 15264)

Detalles MARC
000 -CABECERA
Campo de control 003280000a22001090004500
090 ## - CLASIFICACIÓN LOCAL
Colección AS
Consecutivo Seriadas
041 0# - IDIOMA
Código de idioma para texto/pista de sonido o título separado
100 1# - ASIENTO PRINCIPAL--NOMBRE PERSONAL
Nombre personal Forero, Enrique
245 10 - MENCION DE TITULO
Título Tipos de Leguminosae-Mimosoideae en el herbario nacional colombiano
773 1# - Item fuente:
Título Mutisia: Acta Botánica Colombiana
Especificación de materiales 893
Descripción física 57
Paginas del Articulo 1-6
Lugar, editorial y fecha de publicación 1983
942 ## - ELEMENTOS ADICIONALES (KOHA)
Tipo de ítem Artículo

No hay ítems disponibles.